Κατάλογος Βιβλιοθηκών Mediterranean College

The Handbook of Forecasting / A Manager's Guide (Record no. 5454)

MARC details
000 -LEADER
fixed length control field 02462cam a22002174a 4500
005 - ΗΜΕΡΟΜΗΝΙΑ ΚΑΙ ΩΡΑ ΤΕΛΕΥΤΑΙΑΣ ΕΝΗΜΕΡΩΣΗΣ
Πεδίο ελέγχου 20250605164213.0
008 - FIXED-LENGTH DATA ELEMENTS--GENERAL INFORMATION
Πεδίο ελέγχου σταθερού μήκους 250528s ||||||||||||||||||||||||d
035 ## - SYSTEM CONTROL NUMBER
System control number 20332
020 ## - ISBN
ISBN 471084352
040 ## - ΠΗΓΗ ΚΑΤΑΛΟΓΟΓΡΑΦΗΣΗΣ
Φορέας πρωτότυπης καταλογογράφησης MC Athens Campus Library
Γλώσσα καταλογογράφησης Ελληνικά, Μοντέρνα (1453-)
Modifying agency MC Athens Campus Library
Κανόνες περιγραφικής καταλογογράφησης AACR2
245 1# - ΤΙΤΛΟΣ ΚΑΙ ΔΗΛΩΣΗ ΥΠΕΥΘΥΝΟΤΗΤΑΣ
Τίτλος The Handbook of Forecasting / A Manager's Guide
260 ## - PUBLICATION, DISTRIBUTION, ETC.
Name of publisher, distributor, etc. John Wiley & Sons,
Date of publication, distribution, etc. 1982
300 ## - PHYSICAL DESCRIPTION
Extent 608
505 0# - FORMATTED CONTENTS NOTE
Formatted contents note Role and Application of Forecasting in Organizations, Sales Forecasting Requirements, Forecasting Requirements for Operations Planning and Control, Capacity Planning Forecasting Requirements, Financial Forecasting: Requirements and Issues, Forecasting in Strategic Planning, Frecasting: The Issues, Approaches to Forecasting, Smoothing Methods for Short-Term Planning and Control, Econometric Methods for Managerial Applications, Judgemental and Bayesian Forecasting, Monitoring and Adjusting Forecasts, Forecasting Challenges, Life-Cycle Forecasting, Forecasting Recessions, Forecasting Country Political Risk, Energy Forecasting, Forecasting: Incorporating Special Events and Marketing Actions, Forecasting for Industrial Products, Forecasting for Service Products, Evaluation of Forecasts, Managing the Forecasting Function, Integrating Forecasting and Decision Making, The Forecasting Audit, The Future of Forecasting, Glossary of Forecasting Terms, Index.
520 ## - SUMMARY, ETC.
Summary, etc. Role and Application of Forecasting in Organizations, Sales Forecasting Requirements, Forecasting Requirements for Operations Planning and Control, Capacity Planning Forecasting Requirements, Financial Forecasting: Requirements and Issues, Forecasting in Strategic Planning, Frecasting: The Issues, Approaches to Forecasting, Smoothing Methods for Short-Term Planning and Control, Econometric Methods for Managerial Applications, Judgemental and Bayesian Forecasting, Monitoring and Adjusting Forecasts, Forecasting Challenges, Life-Cycle Forecasting, Forecasting Recessions, Forecasting Country Political Risk, Energy Forecasting, Forecasting: Incorporating Special Events and Marketing Actions, Forecasting for Industrial Products, Forecasting for Service Products, Evaluation of Forecasts, Managing the Forecasting Function, Integrating Forecasting and Decision Making, The Forecasting Audit, The Future of Forecasting, Glossary of Forecasting Terms, Index.
700 1# - ΠΡΟΣΘΕΤΗ ΑΝΑΓΡΑΦΗ--ΦΥΣΙΚΟ ΠΡΟΣΩΠΟ
Personal name Makridakis Spyros
9 (RLIN) 6339
700 1# - ΠΡΟΣΘΕΤΗ ΑΝΑΓΡΑΦΗ--ΦΥΣΙΚΟ ΠΡΟΣΩΠΟ
Personal name Wheelwright Steven C
9 (RLIN) 6340
942 ## - ADDED ENTRY ELEMENTS (KOHA)
Koha item type Books
Holdings
Τύπος τεκμηρίου Βιβλιοθήκη Τρέχουσα τοποθεσία Barcode Αριθμός εισαγωγής Ημερομηνία απόκτησης Ταξιθετικό σύμβολο Αριθμός αντιτύπου Κατάσταση απόσυρσης Κατάσταση χαμένου Κατάσταση κατεστραμμένου Μη δανεισμός Σύνολο δανεισμών Ημερομηνία τελευταίας εμφάνισης Η τιμή ισχύει από
Books MC Athens Campus Library MC Athens Campus Library 9780000054531 6751 05/06/2025 658.4/0355 MAK 1           05/06/2025 05/06/2025

MC Athens Campus Library
Πατησίων 94 & Κοδριγκτώνος 13, 104 34
Πελλήνης 8 & Πατησίων 107, 112 51
Τ: +30 210 8899600

MC Thessaloniki Campus Library
Ίωνος Δραγούμη 21, 54625 | Ίωνος Δραγούμη 15, 54625
Τ: +30 2310 287779 – Τ: +30 2314 440300